000 00882nam a2200277Ia 4500
003 OSt
005 20221007123724.0
006 a|||||r|||| 00| 0
007 ta
008 221006b |||||||| |||| 00| 0 eng d
020 _a0521795494 (pbk)
024 _a8564
037 _bEducational,
_cTextual
040 _aCDL
_cCDL
_beng
041 _2eng
_aeng
082 _aE9G:24, P1-;1 Carc
100 _aHaynie Donald T
_9717700
245 0 _aBiological thermodynamics
260 _aCambridge
_bCambridge University Press
_c2001
300 _axv,379p
_ccm.
500 _aIncludes bibliographical references; Appendix A-D, 331-362p; Glossary 363-372p; Indexes 373-379p
650 _a Chemical thermodynamics
_9717701
650 _aBiochemistry
942 _hE9G:24, P1-;1 Carc
_cTEXL
_2CC
999 _c1212381
_d1212381